Vista normal
Vista MARC
Entrada Topical Term
Número de registros utilizados en: 1
001 - CONTROL NUMBER
- control field: 36532
003 - CONTROL NUMBER IDENTIFIER
- control field: OSt
005 - DATE AND TIME OF LATEST TRANSACTION
- control field: 20210325115933.0
008 - FIXED-LENGTH DATA ELEMENTS
- fixed length control field: 210325|| aca||aabn | a|a d
040 ## - CATALOGING SOURCE
- Original cataloging agency: OSt
- Transcribing agency: OSt
150 ## - HEADING--TOPICAL TERM
- Topical term or geographic name entry element: Corporaciones oficiales
670 ## - SOURCE DATA FOUND
- Source citation: Work cat.: (OSt): Colombia. Ministerio de Hacienda y Crédito Público. Dirección General de Crédito Público y Tesoro Nacional. 36529, Metodología "valoración de pasivos contingentes por procesos judiciales y conciliaciones en contra de las entidades estatales" / , 2011